000 00317nam a2200157Ia 4500
100 _aNarayan Raj
650 _aAutomobiles
942 _cBK
654 _acorrosion
245 _aCorroson and its Prevention
260 _bOxford
082 _a623.3815
_bNAR
300 _a247
546 _aENGLISH
999 _c18647
_d18647